000 00261nam a2200109Ia 4500
008 190914s9999||||xx |||||||||||||| ||und||
100 _aHarry S. Dent
245 4 _aThe Roaring 2000s
260 _aNew York
_bAddison-Wesley Inc.
_c1996
300 _a152
942 _cBK
999 _c9138
_d9138